Top Singers of the 1930s by the Picture - Statistics

General Stats
  • This quiz has been taken 11 times
  • The average score is 5 of 15
Answer Stats
Picture Answer % Correct
Louis Armstrong
100%
Bing Crosby
90%
Fred Astaire
90%
Billie Holiday
60%
Ella Fitzgerald
40%
Cab Calloway
20%
Fats Waller
20%
Al Bowlly
10%
Dick Powell
10%
Ethel Waters
10%
Kate Smith
10%
Chick Henderson
0%
Jack Leonard
0%
Leo Reisman
0%
Ruth Etting
0%
No matching quizzes found
Score Distribution
Percent of People with Each Score
Percentile by Number Answered
Your Score History
You have not taken this quiz